000 00782nam a2200229 a 4500
001 000023217
005 20200930022051.0
008 101130s1975 xxua r 000 0 spa d
020 _a053822200X
040 _aDO-SdBNP
_bspa
_cBNPHU
082 _a651.75
_bG643c
100 1 _aGonzález del valle, Luís
_947798
245 1 0 _aCorrespondencia comercial :
_bfondo y forma /
_cLuis González del Valle , Antolín González del Valle.
260 _aOhio :
_bSouth-Western Publishing,
_c1975.
300 _axi, 301 p. :
_bil. ;
_c25 cm.
500 _aUn estudio clasificado.
500 _aDocumentación mercantil bilingüe
650 4 _aCorrespondencia comercial
_938389
650 4 _aPrácticas de oficina
_946124
700 1 _aGonzález del Valle, Antolín
_947799
049 _aBNGR
999 _c22714
_d22714